Language quiz - Statistics

General Stats
  • This quiz has been taken 8 times
  • The average score is 10 of 15
Answer Stats
Language Answer % Correct
Hello English
100%
Bonjour French
100%
Hallo German
100%
Ciao Italian
100%
привет Russian
100%
hola Spanish
100%
γεια Greek
88%
สวัสดี Thai
88%
សួស្តី Khmer
50%
hei Norwegian
38%
Olá Portuguese
38%
sawubona Zulu
38%
здраво Macedonian
25%
salam Azerbaijani
13%
Hāl *Trick one* Old English
0%
No matching quizzes found
Score Distribution
Percent of People with Each Score
Percentile by Number Answered
Your Score History
You have not taken this quiz